Clínica psicoanalítica: enseñanza, conducción de la cura, estudios clínicos

Salvato in:
Dettagli Bibliografici
Autore principale: Dor, Joel (Autore)
Natura: Libro
Lingua:spagnolo
Pubblicazione: Barcelona Gedisa 1996
Edizione:1a. ed
Serie:Psicología
Soggetti:
Tags: Aggiungi Tag
Nessun Tag, puoi essere il primo ad aggiungerne!!

MARC

LEADER 00000cam a2200000 a 4500
001 UCF2697
003 CL-VaPUC
008 120830e19961000SP |||||||||||||||||spa|d
020 |a 9788474325935 
082 0 4 |a 150.195  |b DOR  |2 21 
100 |a Dor, Joel  |e author  |9 425799 
245 1 0 |a Clínica psicoanalítica: enseñanza, conducción de la cura, estudios clínicos 
250 |a 1a. ed 
300 |a 186 p 
942 |c BK 
945 |d 20120830 00:00:00  |a dcastane 
260 |a Barcelona  |b Gedisa  |c 1996 
650 0 |a Psicoanálisis   |9 265702 
650 7 |a INCONSCIENTE  |2 CL-VaPUC  |9 334612 
650 0 |a Desarrollo individual   |9 307875 
583 |a last modification  |c 20120830 10:25:00  |k Rodrigo Vera 
490 0 |a Psicología 
999 |c 349237  |d 349235 
952 |0 0  |1 0  |4 0  |6 150_195000000000000_DOR_1996  |7 0  |8 R  |9 451755  |a BIBEDU  |b BIBEDU  |c MCIRC  |d 2019-11-22  |i 4899725  |o 150.195 DOR 1996  |p 4899725  |r 2023-01-13  |w 2019-11-22  |y BK_R  |k PSI 
952 |0 0  |1 0  |4 0  |6 150_195000000000000_DOR_1996  |7 0  |8 R  |9 451756  |a BIBEDU  |b BIBEDU  |c MCIRC  |d 2019-11-22  |i 4899733  |o 150.195 DOR 1996  |p 4899733  |r 2023-01-13  |w 2019-11-22  |y BK_R  |k PSI